000 00376nam a2200145Ia 4500
008 150201s2005 xx 000 0 und d
082 _a610
_bT2005H
100 _aHIRA, HARMANJEET S.
245 _aTEXT BOOK OF GENERAL MEDICINE FOR DENTAL STUDENTS
250 _a1ST
260 _bARYA PUBLICATION
_aDELHI
_c2005
300 _a1-670
650 _aMEDICINE
942 _2ddc
_cBK
_04
999 _c3351
_d3351